00745nam a22002177a 4500003000200000005001700002008004100019020002200060050002700082100002900109245002700138260004400165300002400209504004100233650003000274650003200304650002400336942001200360999001900372952013600391020260311135426.0260311b xxu||||| |||| 00| 0 eng d a978-0-451-52493-5 aPR 6029.R8b.Or79 1977 aOrwell, George,eauthor. a1984 /cGeorge Orwell. aNew York, NY :bSignet Classics,c1977. a328 pages ;c20 cm. aIncludes bibliographical references. aTotalitarianismvFiction. aPolitical fiction, English. aDystopiasvFiction. 2lcccBK c368840d368840 00102lcc40aSSLCbSSLCcSSLCd2026-03-11eDONATIONkSSLCl0oPR 6029.R8 .Or79 1977pSSLC1960r2026-03-11 00:00:00w2026-03-11yBK